00438 a2200157 4500003000400000005001700004008004100021020001800062040000900080082001500089100002400104245006900128250002000197260004900217300001400266OSt20220521122157.0220521b ||||| |||| 00| 0 eng d a9788120352476 coclc a150bMIS/P aMishra, Braj Kumar, aPsychology : The study of human behaviour/c Braj Kumar Mishra aSecond edition. aDelhi:bPHI Learning Private Limited,c2021. a617 pages